UM Logo

The information quality and source credibility matter in customers' evaluation toward food O2O commerce / (Record no. 20272)

MARC details
000 -LEADER
fixed length control field 00868nam a22002057a 4500
005 - DATE AND TIME OF LATEST TRANSACTION
control field 20251008140715.0
008 - FIXED-LENGTH DATA ELEMENTS--GENERAL INFORMATION
fixed length control field 240509b ||||| |||| 00| 0 eng d
082 ## - DEWEY DECIMAL CLASSIFICATION NUMBER
Classification number Dper 647.94068 In821 April-May 2019 v. 78-79
100 ## - MAIN ENTRY--PERSONAL NAME
Personal name Kang, Jee-Won.
Relator term author.
9 (RLIN) 57005
245 ## - TITLE STATEMENT
Title The information quality and source credibility matter in customers' evaluation toward food O2O commerce /
Statement of responsibility, etc. Jee-Won Kang and Young Namkung.
260 ## - PUBLICATION, DISTRIBUTION, ETC. (IMPRINT)
Place of publication, distribution, etc. Amsterdam ;
Name of publisher, distributor, etc. Elsevier ,
Date of publication, distribution, etc. April 2019.
300 ## - PHYSICAL DESCRIPTION
Extent Volume 78, pages 189-198 :
Other physical details illustrations ;
Dimensions 28 cm.
500 ## - GENERAL NOTE
General note International Journal of Hospitality Management, vol. 78, pages 189-198, April 2019.
650 #0 - SUBJECT ADDED ENTRY--TOPICAL TERM
Topical term or geographic name as entry element Food industry.
9 (RLIN) 46143
650 #0 - SUBJECT ADDED ENTRY--TOPICAL TERM
Topical term or geographic name as entry element Information quality.
9 (RLIN) 68729
650 #0 - SUBJECT ADDED ENTRY--TOPICAL TERM
Topical term or geographic name as entry element Source credibility.
9 (RLIN) 68731
700 ## - ADDED ENTRY--PERSONAL NAME
Personal name Kang, Jee-Won.
Relator term author.
9 (RLIN) 57005
700 ## - ADDED ENTRY--PERSONAL NAME
Personal name Namkung, Young.
Relator term author.
9 (RLIN) 57006
942 ## - ADDED ENTRY ELEMENTS (KOHA)
Source of classification or shelving scheme Dewey Decimal Classification
Koha item type Periodicals
Holdings
Withdrawn status Lost status Source of classification or shelving scheme Damaged status Not for loan Collection code Home library Current library Date acquired Total Checkouts Full call number Date last seen Price effective from Koha item type Public note
    Dewey Decimal Classification     Periodicals UM Digos College - LIC UM Digos College - LIC 05/09/2024   Dper 647.94068 In821 April-May 2019 v. 78-79 05/09/2024 05/09/2024 Periodicals Periodical Article